000 00637nam a2200241Ia 4500
003 OSt
005 20220918174350.0
006 a|||||r|||| 00| 0
007 ta
008 220917b |||||||| |||| 00| 0 eng d
024 _a11,802
037 _cTextual
040 _aARTS
_cARTS
_beng
041 _2eng
_aeng
082 _aMK351:1, H6 KD
100 _aHeuser Gustave F
_950176
245 0 _aFeeding poultry
260 _c1946
490 _aPoultry Science Series ed by James E Rich; 1
650 _aLIVESTOCK INDUSTRY
_9196
942 _hMK351:1, H6 KD
_cTEXL
_2CC
999 _c152888
_d152888